| 000 | 01567nam a2200445 c 4500 | ||
|---|---|---|---|
| 001 | 3427 | ||
| 003 | ES-MaCES | ||
| 005 | 20150929135351.0 | ||
| 008 | 951016s1993 sp a ||| | spa d | ||
| 017 |
_aM 16765-1993 _bDL |
||
| 020 | _a848685041X (o.c.) | ||
| 020 | _a8486850428 (t. 6) | ||
| 035 | _aCES19980034524m | ||
| 040 |
_aES-MaCES _bspa _cES-MaCES |
||
| 245 | 0 | 0 | _aEstadística de la energía biomasa en España 1992 |
| 260 |
_a[Madrid] _bIDAE _cD.L. 1993 |
||
| 300 |
_a37 h. _bil. col. _c16x21 cm |
||
| 490 | 1 |
_aCuadernos estadísticos de las energías renovables _v6 |
|
| 500 | _aTít. tomado de la cub. | ||
| 500 | _aEn la cub., además: MICTYT, Ministerio de Industria, Comercio y Turismo | ||
| 541 | _cGratuito | ||
| 650 | 4 |
_abiomasa _928643 |
|
| 650 | 4 |
_aconsumo de energía _927752 |
|
| 650 | 4 |
_aenergía renovable _930979 |
|
| 650 | 4 |
_acentral energética _927754 |
|
| 650 | 4 |
_aproducción de energía _927753 |
|
| 650 | 4 |
_afuente de energía _927751 |
|
| 650 | 4 |
_aEspaña _926964 |
|
| 650 | 4 |
_aComunidades Autónomas _930768 |
|
| 650 | 4 |
_a1992 _930809 |
|
| 650 | 4 |
_adatos estadísticos _930765 |
|
| 653 | 1 | 0 | _aEstadísticas sectoriales |
| 650 | 4 |
_926752 _aUE |
|
| 710 | 2 |
_aInstituto para la Diversificación y Ahorro de la Energía _bDirección de Energías Renovables _94310 |
|
| 710 | 1 |
_aEspaña _bMinisterio de Industria, Comercio y Turismo _93248 |
|
| 830 | 0 |
_aCuadernos estadísticos de las energías renovables _v6 _932592 |
|
| 902 | _aLIB Libro | ||
| 942 |
_2CES _cBK _h8.3. |
||
| 999 |
_c3427 _d3427 |
||